000 00651cam a22002291 4500
001 sa 68005380
003 DLC
005 20260227112508.0
008 681212s1967 pk 000 0 eng
010 _asa 68005380
025 _aPL480:P-E-1319
040 _aDLC
_cDLC
_dDLC
050 0 0 _aLAW
082 0 0 _a340
110 1 _aPakistan.
_bLabour and Social Welfare Division.
245 1 0 _aWorking of labour laws in Pakistan during 1964.
260 _aKarachi,
_bManager of Publications [Govt. of Pakistan]
_c1967.
300 _a161 p.
_c25 cm.
350 _aRs 19.62
500 _aCover title.
650 0 _aLabor laws and legislation
_zPakistan.
999 _c80707
_d80707